|
|
|
|
| LEADER |
00564nam a22001697a 4500 |
| 008 |
160426b xxu||||| |||| 00| 0 mal d |
| 020 |
|
|
|a 9788184233476
|c INR
|
| 082 |
|
|
|a 853.3 K1
|
| 100 |
|
|
|a Kovilan
|
| 245 |
|
|
|a Himalayam /
|c Kovilan [ V.V.Ayyapan ]
|
| 260 |
|
|
|a Thrissur :
|b Green books,
|c 2014.
|
| 300 |
|
|
|a 136 p. ;
|
| 650 |
|
|
|v Novel
|x Malayalam
|
| 942 |
|
|
|c BK
|
| 546 |
|
|
|a In malayalam
|
| 999 |
|
|
|c 285013
|d 285013
|
| 952 |
|
|
|0 0
|1 0
|4 0
|6 853_300000000000000_K1_HIM
|7 0
|9 323385
|a FLK
|b FLK
|c ST1
|d 2016-04-26
|e BK
|g 120.00
|i 4625
|l 0
|o 853.3 K1 HIM
|p FLK4625
|r 2016-04-26
|w 2016-04-26
|y BK
|